Statistics for Egyptair Destinations-Cairo

Click here to take the quiz!

General Stats

  • This quiz has been taken 93 times
  • The average score is 52 of 67

Answer Stats

Country Airport % Correct
JapanTokyo ( Narita )
95%
SpainMadrid
95%
GermanyMunich
95%
ItalyRome
95%
AustriaVienna
95%
GermanyFrankfurt
95%
TurkeyIstanbul
95%
UAEAbu Dhabi
95%
CanadaToronto
95%
UAEDubai
95%
SpainBarcelona
93%
RussiaMoscow ( Domodedovo )
93%
FranceParis
93%
KuwaitKuwait City
93%
ItalyMilan ( Malpensa )
93%
Hong KongHong Kong
93%
GreeceAthens
93%
UKLondon ( Heathrow )
93%
NetherlandsAmsterdam
93%
HungaryBudapest
92%
AlgeriaAlgiers
92%
GermanyBerlin ( Schönefeld )
92%
EthiopiaAddis-Ababa
92%
ChinaBeijing
92%
DenmarkCopenhagen
92%
USANew York
92%
MoroccoCasablanca
90%
TunisiaTunis
90%
IndiaMumbai
90%
ThailandBangkok
90%
BelgiumBrussels
90%
KenyaNairobi
90%
SwitzerlandGeneva
88%
NigeriaLagos
88%
Saudi ArabiaRiyadh
88%
IraqBaghdad
86%
South AfricaJohannesburg
86%
LebanonBeirut
86%
JordanAmman
85%
ChinaGuangzhou
85%
OmanMuscat
85%
EgyptAlexandria
83%
Saudi ArabiaJeddah
83%
NigeriaAbuja
81%
GhanaAccra
80%
TanzaniaDar-es-Salaam
76%
EgyptLuxor
76%
SudanKhartoum
71%
BahrainBahrain
71%
UgandaEntebbe
69%
Saudi ArabiaMedina
68%
ChadN'Djamena
63%
EritreaAsmara
63%
South SudanJuba
63%
Saudi ArabiaDammam
61%
UAESharjah
58%
CyprusLarnaca
58%
EgyptHurghada
53%
EgyptSharm-El-Sheikh
49%
EgyptAswan
49%
IraqErbil
47%
NigeriaKano
46%
EgyptMarsa Alam
29%
EgyptSohag
19%
EgyptAssiut
17%
Saudi ArabiaAbha
14%
Saudi ArabiaAl Qassim
5%

Score Distribution

Percentile by Number Answered

Percent of People with Each Score

Your Score History

You have not taken this quiz